| 000 | 00563nab a2200157Ia 4500 | ||
|---|---|---|---|
| 003 | ES-SlBCS | ||
| 005 | 20210601125442.0 | ||
| 008 | 140529s1973 xxu||||| |||| 00| 0 eng d | ||
| 041 | _aeng | ||
| 100 | 1 |
_aSmith, John E. _9142384 |
|
| 245 | 0 | 0 |
_aHegel's Critique of Kant _c John E. Smith |
| 600 | 1 | 0 |
_aHegel, Georg Wilhelm Friedrich _d, 1770-1831 _xCrítica e interpretación _994491 |
| 600 | 1 | 0 |
_aKant, Immanuel _d, 1724-1804 _xCrítica e interpretación _9103752 |
| 773 | 0 |
_tReview of Methaphysics _gvol. 26, nº. 103, 1973, págs. 438-460 _wRev843 |
|
| 942 |
_cAR _2lcc |
||
| 999 |
_c530557 _d530557 |
||